Statistics for City Situation Quiz

Click here to take the quiz!

General Stats

  • This quiz has been taken 5 times
  • The average score is 3 of 5

Answer Stats

Question Answer % Correct
Which correctly describes the location of Coimbra, Portugal?South of Porto and north of Lisbon
100%
Which correctly describes the location of Benghazi, Libya?NE of the Gulf of Sidra
75%
Which correctly describes the location of Reykjavik, Iceland?On Faxa Bay
75%
Which correctly describes the location of Kisangani, DRC?Near the Tshopo-Congo River junction
50%
Which correctly describes the location of Rijeka, Croatia?On the Kvarner Gulf
25%

Score Distribution

Percentile by Number Answered

Percent of People with Each Score

Your Score History

You have not taken this quiz